War memory and popular culture : essays on modes of remembrance and commemoration /

"This work explores the evolution from traditional to contemporary forms of war commemoration while centering around fundamental question of whether these new forms of memorial are meant to encourage the remembering or forgetting of the experience of war, as well as what implications this proce...

Full description

Bibliographic Details
Other Authors: Keren, Michael, Herwig, Holger H.
Format: Book
Language:English
Published: Jefferson, N.C. : McFarland, [2009]
Subjects:

MARC

Tag First Indicator Second Indicator Subfields
LEADER 00000cam a2200000 a 4500
001 in00002418021
005 20151110092458.0
008 081015s2009 ncua b 001 0 eng
010 |a  2008044943 
020 |a 0786441410 (softcover : alk. paper) 
020 |a 9780786441419 (softcover : alk. paper) 
029 1 |a NLGGC  |b 316221902 
029 1 |a AU@  |b 000043560926 
035 |a (OCoLC)ocn263409130 
035 |a (OCoLC)263409130 
040 |a DLC  |c DLC  |d C#P  |d BWX  |d YDXCP  |d CDX  |d IXA  |d UtOrBLW 
042 |a lcac 
049 |a TXAM 
050 0 0 |a HM554  |b .W373 2009 
082 0 0 |a 303.6/6  |2 22 
245 0 0 |a War memory and popular culture :  |b essays on modes of remembrance and commemoration /  |c edited by Michael Keren and Holger H. Herwig. 
264 1 |a Jefferson, N.C. :  |b McFarland,  |c [2009] 
264 4 |c ©2009 
300 |a vi, 206 pages :  |b illustrations ;  |c 23 cm. 
336 |a text  |b txt  |2 rdacontent 
337 |a unmediated  |b n  |2 rdamedia 
338 |a volume  |b nc  |2 rdacarrier 
504 |a Includes bibliographical references and index. 
520 |a "This work explores the evolution from traditional to contemporary forms of war commemoration while centering around fundamental question of whether these new forms of memorial are meant to encourage the remembering or forgetting of the experience of war, as well as what implications this process may have for the continuation of the modern nation state"--Provided by publisher. 
650 0 |a War and society. 
650 0 |a War memorials  |x Social aspects. 
650 0 |a Memorialization  |x Social aspects. 
650 0 |a Psychic trauma  |x Social aspects. 
650 0 |a Collective memory  |x Social aspects. 
650 0 |a War in art. 
650 0 |a War in mass media. 
700 1 |a Keren, Michael. 
700 1 |a Herwig, Holger H. 
938 |a Blackwell Book Service  |b BBUS  |n R6761329  |c $35.00 
938 |a YBP Library Services  |b YANK  |n 2871767 
938 |a Coutts Information Services  |b COUT  |n 9020708 
945 |a PromptCat  |b 675053 
946 |a stk 
947 |a A14839824909 
994 |a 92  |b TXA 
948 |a cataloged  |b h  |d 2009/4/16  |h c  |e asalazar  |f 2:05:09 pm 
999 |a MARS 
999 f f |s ceb85870-5de1-3c27-ae2f-bd9e504c2623  |i 41099695-34dd-3e5e-9507-dc73393cb237  |t 0 
952 f f |p ric  |a Texas A&M University  |b Rellis Campus  |c Joint Library Facility  |d Remote Storage  |t 0  |e HM554 .W373 2009  |h Library of Congress classification  |i unmediated -- volume  |m A14839824909 
998 f f |a HM554 .W373 2009  |t 0  |l Remote Storage